00795nam a22002297a 450000500170000001000130001702000260003003500130005603700160006904000120008508200180009710000320011524500610014726000410020827000570024930000230030665000190032965000300034894200270037899900190040595201410042420170124110033.0 aB-219566 a9788174453365c520.00 aB-219566 bCen Lib/Ret aDPLbEN a338.4791bDIX aDixit, Saurab Kumar 918821 aAspects of tourism development /cby Saurab Kumar Dixit  aNew DelhibMohit Publications c2005 a4675/21, Ansari Road, Dariya GanjbNew Delhie110002 av, 247p.c21cm(Hb) aTourism986514 aPolitical fectors 922106 2ddccENh338.4791mDIX c127991d127991 00104070aLbLd2015-07-01eCen Lib/Retg520.00l1o338.4791 DIXpB-219566r2023-07-20 00:00:00s2023-07-08t1v520.00w2015-07-01yEN